| 000 | 00659cam a22002413a 4500 | ||
|---|---|---|---|
| 001 | 4771 | ||
| 003 | PGUSA | ||
| 005 | 20140828083108.0 | ||
| 008 | 031201s2003||||xxu|||||s|||||000 1 eng d | ||
| 040 |
_aPGUSA _beng |
||
| 042 | _adc | ||
| 050 | 4 | _aPQ | |
| 100 | 1 |
_aVoltaire, _d1694-1778 |
|
| 245 | 1 | 0 |
_aLe Blanc Et Le Noir _h[electronic resource] / _cVoltaire |
| 260 |
_bProject Gutenberg, _c2003 |
||
| 506 | _aPublic domain in the USA. | ||
| 516 | _aElectronic text | ||
| 653 | _aShort stories, French | ||
| 653 | _aFrench fiction -- 18th century | ||
| 830 | 0 |
_aProject Gutenberg _v4771 |
|
| 856 | 4 | 0 | _uhttp://www.gutenberg.org/ebooks/4771 |
| 942 | _cEB | ||
| 999 |
_c234100 _d234100 |
||